العلم بين القديم والحديث فى رحاب القرآن الكريم : (رقم التسجيلة. 111957)

تفاصيل مارك
000 -LEADER
fixed length control field 00877nam a2200217 a 4500
003 - CONTROL NUMBER IDENTIFIER
control field EG-GiCUC
008 - FIXED-LENGTH DATA ELEMENTS--GENERAL INFORMATION
fixed length control field 090408s1979 ku a g 000 0 ara d
017 ## - COPYRIGHT OR LEGAL DEPOSIT NUMBER
Copyright or legal deposit number 1980/3419
Assigning agency مصر .دار الكتب
040 ## - CATALOGING SOURCE
Original cataloging agency EG-GiCUC
Language of cataloging ara
Transcribing agency EG-GiCUC
092 04 - LOCALLY ASSIGNED DEWEY CALL NUMBER (OCLC)
Classification number 229.45
Item number Q11
Edition number 21
099 ## - LOCAL FREE-TEXT CALL NUMBER (OCLC)
Classification number 04
-- 229.45 Q11
100 1# - MAIN ENTRY--PERSONAL NAME
Personal name القناعى : عبد العزيز العلى المطوع
245 12 - TITLE STATEMENT
Title العلم بين القديم والحديث فى رحاب القرآن الكريم :
Remainder of title حوار بين الرأس والبنكرياس /
Statement of responsibility, etc. عبد العزيز العلى المطوع القناعى
260 ## - PUBLICATION, DISTRIBUTION, ETC.
Place of publication, distribution, etc. الكويت :
Manufacturer مطبعة التقدم :
Date of publication, distribution, etc. 1979
300 ## - PHYSICAL DESCRIPTION
Extent 206ص :
Other physical details ايض؛
Dimensions 24سم
630 20 - SUBJECT ADDED ENTRY--UNIFORM TITLE
Uniform title القرآن : اعجاز
650 #7 - SUBJECT ADDED ENTRY--TOPICAL TERM
Topical term or geographic name entry element القران و العلوم
Source of heading or term qrmak
902 ## - LOCAL DATA ELEMENT B, LDB (RLIN)
No. of Items 2
905 ## - LOCAL DATA ELEMENT E, LDE (RLIN)
Cataloger جيهان شعراوى
Reviser مدخل
942 ## - ADDED ENTRY ELEMENTS (KOHA)
Source of classification or shelving scheme Dewey Decimal Classification
Koha item type Books
المقتنيات
Source of classification or shelving scheme Not for loan Home library Current library Date acquired Full call number Barcode Date last seen Copy number Koha item type
Dewey Decimal Classification   المكتبة المركزبة الجديدة - جامعة القاهرة قاعة الكتب - الدور الثاني 11.02.2024 229.45 Q11 01000100080243000 23.09.2023 C.1 Books
Dewey Decimal Classification   المكتبة المركزبة الجديدة - جامعة القاهرة قاعة الكتب - الدور الثاني 11.02.2024 229.45 Q11 01000100080244000 23.09.2023 C.1 Books
Cairo University Libraries Portal Implemented & Customized by: Eng. M. Mohamady Contacts: new-lib@cl.cu.edu.eg | cnul@cl.cu.edu.eg
CUCL logo CNUL logo
© All rights reserved — Cairo University Libraries
CUCL logo
Implemented & Customized by: Eng. M. Mohamady Contact: new-lib@cl.cu.edu.eg © All rights reserved — New Central Library
CNUL logo
Implemented & Customized by: Eng. M. Mohamady Contact: cnul@cl.cu.edu.eg © All rights reserved — Cairo National University Library